EU Projektek

Bibliographic Details
Main Author: Grósz Eszter
Other Authors: Kruppa Dr. Éva
Format: Final Paper
Kulcsszavak:Szervezetfejlesztés
Európai Unió
Projektmunka
Természetvédelem
Online Access:http://dolgozattar.uni-bge.hu/15518

MARC

LEADER 00000nta a2200000 i 4500
001 dolg15518
005 20200428111203.0
008 180507suuuu hu o 000 hun d
040 |a BGE Dolgozattár Repozitórium  |b hun 
041 |a hu 
100 1 |a Grósz Eszter 
245 1 0 |a EU Projektek  |c Grósz Eszter  |h [elektronikus dokumentum] 
246 1 1 |a EU Projektek 
516 |a Final_paper 
695 |a Szervezetfejlesztés 
695 |a Európai Unió 
695 |a Projektmunka 
695 |a Természetvédelem 
700 1 |a Kruppa Dr. Éva  |e ths 
856 4 0 |u http://dolgozattar.uni-bge.hu/15518/1/Gr%C3%B3szEszter_z%C3%A1rodolgozat_k%C3%A9sz.pdf  |z Dokumentum-elérés